MacNab & Anr v Richardson & Anr (Record no. 81896)
[ view plain ]
| 000 -LEADER | |
|---|---|
| fixed length control field | 01292cad a22001935a 4500 |
| 001 - CONTROL NUMBER | |
| control field | E148588 |
| 008 - FIXED-LENGTH DATA ELEMENTS--GENERAL INFORMATION | |
| fixed length control field | 091006e20081216xxk 000 0 eng d |
| 035 ## - SYSTEM CONTROL NUMBER | |
| System control number | (Sirsi) u148588 |
| 041 0# - LANGUAGE CODE | |
| Language code of text/sound track or separate title | eng |
| 245 00 - TITLE STATEMENT | |
| Title | MacNab & Anr v Richardson & Anr |
| Medium | [electronic resource] |
| 260 ## - PUBLICATION, DISTRIBUTION, ETC. | |
| Date of publication, distribution, etc. | 2008 |
| 520 ## - SUMMARY, ETC. | |
| Summary, etc. | [2008] EWCA 1631, 16 December 2008. Relates to a dispute regarding the boundary fence between the two properties at the rear. The appellants (R) claimed that the fence encroached on their land and that the laying of concrete foundations for the fence posts by builders acting on behalf of M represented a trespass. They had taken matters into their own hands and pulled up a section of fence and left it on M's land. The court discussed whether this represented 'self help'. "Held": Appeal dismissed. There was no urgency about the perceived encroachment, and this was therefore not a case of 'self help'. R had trespassed on M's land in order to remove the fence. |
| 590 ## - LOCAL NOTE (RLIN) | |
| Local note | KA |
| 650 24 - SUBJECT ADDED ENTRY--TOPICAL TERM | |
| Topical term or geographic name entry element | MACNAB AND ANOR V RICHARDSON AND ANOR |
| 651 #4 - SUBJECT ADDED ENTRY--GEOGRAPHIC NAME | |
| Geographic name | England and Wales |
| Chronological subdivision | 1543- |
| 690 ## - LOCAL SUBJECT ADDED ENTRY--TOPICAL TERM (OCLC, RLIN) | |
| Topical term or geographic name as entry element | PROPERTY-PROPERTY MANAGEMENT-BOUNDARY DETERMINATION-BOUNDARIES |
| 856 40 - ELECTRONIC LOCATION AND ACCESS | |
| Uniform Resource Identifier | <a href="https://www.bailii.org/ew/cases/EWCA/Civ/2008/1631.html">https://www.bailii.org/ew/cases/EWCA/Civ/2008/1631.html</a> |
| Public note | View the judgement free of charge at www.bailii.org... |
| 942 ## - ADDED ENTRY ELEMENTS (KOHA) | |
| Suppress in OPAC | 0 |
| Withdrawn status | Lost status | Source of classification or shelving scheme | Damaged status | Not for loan | Home library | Current library | Shelving location | Date acquired | Total Checkouts | Full call number | Barcode | Date last seen | Copy number | Price effective from | Koha item type |
|---|---|---|---|---|---|---|---|---|---|---|---|---|---|---|---|
| Dewey Decimal Classification | Virtual | Virtual | Online | 06/10/2009 | ONLINE PUBLICATION | 148588-2001 | 06/08/2019 | 1 | 06/08/2019 | Law report |